Harry Potter - Statistiques

Statistiques générales
  • Ce quiz a été pris 148 fois
  • Le résultat moyen est 26 sur 30
Statistiques - réponses
Hint Réponse % Correct
Maison Serdaigle
99%
Horcruxe Médaillon de Serpentard
98%
Maison Serpentard
98%
Maison Gryffondor
97%
École Poudlard
97%
Maison Poufsouffle
97%
Golden Trio Harry Potter
95%
Horcruxe Harry Potter
95%
Golden Trio Hermione Granger
95%
Elfe de maison Dobby
94%
Le méchant Voldemort
94%
Horcruxe Diadème de Serdaigle
93%
Golden Trio Ron Weasley
93%
Relique de la mort Baguette de sureau
88%
Relique de la mort Cape d’invisibilité
88%
Chouette de Harry Hedwige
88%
Horcruxe Coupe de Poufsouffle
87%
École Beauxbâtons
86%
Horcruxe Nagini
83%
Reliques de la mort Pierre de résurrection
83%
Horcruxe Journal de Tom Jedusor
79%
Maraudeur Remus Lupin / Lunard
78%
Maraudeur Sirius Black / Patmol
78%
Maraudeur James Potter / Cornedru
77%
Maraudeur Peter Pettigrow / Queudver
77%
Silver Trio Neville Londubat
73%
Silver Trio Luna Lovegood
71%
Horcruxe Bague des Gaunt
70%
Silver Trio Ginny Weasley
70%
École Durmstrang
55%
Aucun quiz correspondant
Distribution des résultats
% des personnes avec chaque résultat
Percentile par nombre de réponses
Votre historique - résultats
Vous n’avez pas pris ce quiz